000 00625nam a22001937a 4500
003 OSt
005 20210419075250.0
008 210304s1996 ||||| |||| 00| 0 eng d
040 _aeng
_beng
_cDLC
041 _aeng
080 _a94 (479.22)
_bN-27
100 _91247
_aNatsvlishvili, Paata
245 _aFrom Georgia to Georgia
_c/ by : Georgian National Olympic Committee
260 _aTbilisi, Georgia / Atlanta, Georgia USA
_bGeorgian National Olympic Committee
_c1996
300 _a95 p.
_bill.
650 0 _9240
_aHistory of Georgia
653 _aსაქართველოს ისტორია
942 _2udc
_cBK
999 _c1909
_d1909